5 plus grandes villes d'Île-de-France A-Z - Statistiques

Statistiques générales
  • Ce quiz a été pris 473 fois
    84 depuis la dernière actualisation
  • Le résultat moyen est 45 sur 105
Statistiques - réponses
% Correct
Paris
89%
Argenteuil
85%
Saint-Denis
85%
Aubervilliers
83%
Créteil
83%
Versailles
79%
Asnières-sur-Seine
77%
Boulogne-Billancourt
77%
Drancy
75%
Évry-Courcouronnes
75%
Montreuil
75%
Aulnay-sous-Bois
72%
Bobigny
72%
Ivry-sur-Seine
72%
Nanterre
72%
Cergy
70%
Neuilly-sur-Marne
68%
Neuilly-sur-Seine
68%
Sarcelles
68%
Vitry-sur-Seine
68%
Issy-les-Moulineaux
66%
Colombes
64%
Saint-Ouen-sur-Seine
64%
Garges-lès-Gonesse
62%
Meaux
62%
Antony
60%
Levallois-Perret
60%
La Courneuve
58%
Massy
58%
Vincennes
58%
Courbevoie
57%
Noisy-le-Grand
57%
Noisy-le-Sec
57%
Gennevilliers
53%
Rosny-sous-Bois
53%
Yerres
53%
Bondy
51%
Poissy
51%
Saint-Maur-des-Fossés
51%
Joinville-le-Pont
49%
Maisons-Alfort
49%
Orly
49%
Bagneux
47%
Champigny-sur-Marne
47%
Fontenay-aux-Roses
47%
Fontenay-sous-Bois
47%
Juvisy-sur-Orge
47%
Pantin
47%
Sartrouville
47%
Bagnolet
45%
Houilles
45%
Puteaux
45%
Rueil-Malmaison
45%
Villejuif
45%
Trappes
43%
Épinay-sur-Seine
42%
Meudon
42%
Étampes
38%
Fontainebleau
38%
Fresnes
36%
Goussainville
36%
Torcy
36%
Draveil
34%
Ermont
34%
Livry-Gargan
34%
Franconville
32%
Gagny
32%
Le Blanc-Mesnil
32%
Rambouillet
32%
Romainville
32%
Villepinte
32%
Jouy-en-Josas
30%
Jouy-le-Moutier
30%
Deuil-la-Barre
28%
Pontault-Combault
28%
Guyancourt
26%
Orsay
26%
Ozoir-la-Ferrière
26%
Ris-Orangis
26%
Domont
25%
Élancourt
25%
Igny
25%
Thiais
25%
Dammarie-les-Lys
23%
Herblay-sur-Seine
23%
Tremblay-en-France
23%
Osny
21%
Quincy-sous-Sénart
19%
Quincy-Voisins
19%
Taverny
17%
Wissous
15%
Us
13%
Jouars-Pontchartrain
11%
Le Perreux-sur-Marne
11%
Yèbles
11%
Ormesson-sur-Marne
9%
Quiers
8%
Ussy-sur-Marne
8%
Wy-dit-Joli-Village
8%
Houdan
6%
Issou
6%
Héricy
4%
Itteville
2%
Ury
2%
Hardricourt
0%
Aucun quiz correspondant
Distribution des résultats
% des personnes avec chaque résultat
Percentile par nombre de réponses
Votre historique - résultats
Vous n’avez pas pris ce quiz depuis la dernière actualisation